000 00700nam a2200265Ia 4500
003 OSt
005 20220918170144.0
006 a|||||r|||| 00| 0
007 ta
008 220917b |||||||| |||| 00| 0 eng d
020 _a9067654329 (pbk)
024 _a20,608
037 _cTextual
040 _aARTS
_cARTS
_beng
041 _2eng
_aeng
082 _aP:3, M9
100 _aDik Simon C
_927359
245 0 _aTheory of functional grammar
_b the structure of the clause
260 _aDordrecht
_bForis Pub
_c1989
300 _axiv,433p.
_ccm.
500 _aIncludes index
650 _aLINGUISTICS
942 _hP:3, M9
_cTEXL
_2CC
999 _c132856
_d132856